MARC

LEADER 00000cam a2200000 7i4500
001 0000002106
005 20021015.0
020 0 0 |a 983990583X 
090 0 0 |a 959.5   |b TWE 2001 
245 0 0 |a 21st century Malaysia 
260 0 0 |a Kuala Lumpur :   |b Asian Strategy & Leadership Institute ,   |c 2001 
300 |a 236 p. :   |b ill. (chiefly col.) ;   |c 30 cm. 
500 0 0 |a Includes index 
610 1 0 |a Asian Strategy & Leadership Institute (ASLI) 
650 0 0 |a Information technology   |x Government policy   |z Asia 
650 0 0 |a Infrastructure (Economics)   |z Malaysia 
651 0 0 |a Malaysia   |x Economic conditions 
651 0 0 |a Malaysia   |x Foreign relations 
651 0 0 |a Malaysia   |x Social conditions 
700 0 1 |a Mirzan Mahathir 
998 |a JPSM 
999 |a 0000003293   |b Monograph   |c Open Shelf   |e Default branch